The legal, ethical and regulatory environment of business / (Record no. 343547)
[ view plain ]
| 000 -LEADER | |
|---|---|
| fixed length control field | 01234 a2200217 4500 |
| 020 ## - INTERNATIONAL STANDARD BOOK NUMBER | |
| International Standard Book Number | 0324154747 |
| 020 ## - INTERNATIONAL STANDARD BOOK NUMBER | |
| International Standard Book Number | 9780324154740 |
| 082 04 - DEWEY DECIMAL CLASSIFICATION NUMBER | |
| Classification number | 174 |
| 090 ## - LOCALLY ASSIGNED LC-TYPE CALL NUMBER (OCLC); LOCAL CALL NUMBER (RLIN) | |
| -- | 1011 |
| -- | 1011 |
| 100 1# - MAIN ENTRY--PERSONAL NAME | |
| Personal name | Fisher, Bruce D. |
| 245 14 - TITLE STATEMENT | |
| Title | The legal, ethical and regulatory environment of business / |
| Statement of responsibility, etc. | Bruce D. Fisher. |
| 250 ## - EDITION STATEMENT | |
| Edition statement | 8th ed. |
| 260 ## - PUBLICATION, DISTRIBUTION, ETC. | |
| Place of publication, distribution, etc. | [S.l.] : |
| Name of publisher, distributor, etc. | South-Western College/West, |
| Date of publication, distribution, etc. | 2003. |
| 300 ## - PHYSICAL DESCRIPTION | |
| Extent | 775 p. ; |
| Dimensions | 27 cm. |
| 500 ## - GENERAL NOTE | |
| General note | Hardcover. |
| 520 ## - SUMMARY, ETC. | |
| Summary, etc. | This innovative book arranges chapters into seven functional modules to emphasize how legal topics relate to such business functions as marketing, finance, human resources, accounting, and manufacturing. Streamlined for easy readability, the text contains excerpted cases offering substantial portions of original language of the court. In addition, it presents a strong emphasis on ethics, international law, and environmental law, as well as Internet applications to encourage readers to use the Web as a resource. |
| 700 1# - ADDED ENTRY--PERSONAL NAME | |
| Personal name | Phillips, Michael J. |
| 856 40 - ELECTRONIC LOCATION AND ACCESS | |
| Materials specified | Amazon.com |
| Uniform Resource Identifier | <a href="http://www.amazon.com/exec/obidos/ASIN/0324154747/chopaconline-20">http://www.amazon.com/exec/obidos/ASIN/0324154747/chopaconline-20</a> |
| 856 40 - ELECTRONIC LOCATION AND ACCESS | |
| Materials specified | Amazon customer reviews |
| Uniform Resource Identifier | <a href="http://www.chopac.org/cgi-bin/tools/azrev.pl?q=0324154747">http://www.chopac.org/cgi-bin/tools/azrev.pl?q=0324154747</a> |
| 942 ## - ADDED ENTRY ELEMENTS (KOHA) | |
| Institution code [OBSOLETE] | NBS |
| Koha item type | Book |
| Call number prefix | 346.7307 FIS |
| Withdrawn status | Lost status | Damaged status | Not for loan | Permanent Location | Current Location | Date acquired | Total Checkouts | Full call number | Barcode | Date last seen | Date last checked out | Price effective from | Koha item type |
|---|---|---|---|---|---|---|---|---|---|---|---|---|---|
| NUST Law School (NLS) | NUST Law School (NLS) | 08/28/2013 | 1 | 346.7307 FIS | NBS6014 | 11/23/2017 | 08/18/2017 | 08/28/2013 | Book |
